[Event "Moscow Chmp. b15 2016"]
[Site "ÐœÐ¾Ñ�ÐºÐ²Ð°"]
[Date "2016.11.16"]
[Round "5.7"]
[White "Gagarin, Vasily"]
[Black "Belikov, Semen"]
[Result "1/2-1/2"]
[WhiteElo "1913"]
[BlackElo "1750"]
[PlyCount "66"]
[EventDate "2016.11.12"]

1. e4 e5 2. Nf3 Nc6 3. Bc4 Nf6 4. d3 Bc5 5. O-O d6 6. a4 Bg4 7. h3 Bh5 8. c3 a5
9. Na3 h6 10. Nc2 g5 11. Be3 g4 12. hxg4 Bxg4 13. Bxc5 dxc5 14. Ne3 Qd7 15. Bb5
Qe6 16. Nxg4 Nxg4 17. d4 O-O-O 18. d5 Qg6 19. Nh4 Qg5 20. Qf3 Qxh4 21. Qh3 Qxh3
22. gxh3 Nf6 23. dxc6 Nxe4 24. Rfe1 Ng5 25. Re3 Rhg8 26. Kf1 e4 27. cxb7+ Kxb7
28. Rg3 f5 29. h4 Nf3 30. Rxg8 Rxg8 31. Ke2 Nxh4 32. Rh1 Rg4 33. Be8 Rf4 {íå
ïîíÿòíî} 1/2-1/2

[Event "Moscow Chmp. b15 2016"]
[Site "ÐœÐ¾Ñ�ÐºÐ²Ð°"]
[Date "2016.11.16"]
[Round "5.8"]
[White "Tadevosjan, Melis"]
[Black "Pontis, Stanislav"]
[Result "1-0"]
[WhiteElo "1828"]
[BlackElo "1661"]
[PlyCount "81"]
[EventDate "2016.11.12"]

1. d4 Nf6 2. c4 g6 3. Nc3 Bg7 4. e4 O-O 5. Nf3 d6 6. Be2 e5 7. d5 Ne8 8. O-O f5
9. Ne1 f4 10. Bg4 Nf6 11. Bxc8 Qxc8 12. f3 a5 13. a3 Qd7 14. b3 c6 15. Bd2 Qc7
16. Nd3 Nbd7 17. Be1 Rfc8 18. Rc1 Bf8 19. Bf2 c5 20. Nb5 Qd8 21. Qd2 g5 22. Rc2
b6 23. b4 Rcb8 24. bxc5 bxc5 25. Rb2 Nb6 26. Qc2 Ne8 27. Rfb1 Nc7 28. Be1 h6
29. Nc1 Kh8 30. Kf1 Qd7 31. Ke2 Be7 32. Nxc7 Qxc7 33. Rb5 Nd7 34. R1b2 Bd8 35.
Qb1 Qa7 36. Nd3 Kg7 37. Rb7 Rxb7 38. Rxb7 Rb8 39. Rxa7 Rxb1 40. Rxd7+ Kf8 41.
Rxd8+ 1-0

[Event "Moscow Chmp. b15 2016"]
[Site "ÐœÐ¾Ñ�ÐºÐ²Ð°"]
[Date "2016.11.16"]
[Round "5.9"]
[White "Zakirov, Artur"]
[Black "Sekoyan, Vachagan"]
[Result "1/2-1/2"]
[WhiteElo "1824"]
[BlackElo "1655"]
[PlyCount "76"]
[EventDate "2016.11.12"]

1. e4 g6 2. d4 Bg7 3. Be3 d6 4. Nc3 c6 5. f4 d5 6. e5 h5 7. Bd3 Bg4 8. Nf3 e6
9. h3 Bxf3 10. Qxf3 h4 11. Bf2 Nh6 12. g3 hxg3 13. Qxg3 Qe7 14. h4 Qf8 15. Rg1
Rg8 16. h5 gxh5 17. Bh7 Rh8 18. Qxg7 Qxg7 19. Rxg7 Kf8 20. Rg5 Rxh7 21. Rxh5
Kg8 22. O-O-O Nf5 23. Rg1+ Kh8 24. Rhg5 Nd7 25. Ne2 Rc8 26. Ng3 Nh4 27. Rh5
Rxh5 28. Nxh5 Nf5 29. Rh1 Kg8 30. Bh4 Nxh4 31. Rxh4 c5 32. Rg4+ Kf8 33. dxc5
Rxc5 34. Nf6 Nxf6 35. exf6 d4 36. Rh4 Kg8 37. Rg4+ Kf8 38. Rg5 Rc7 1/2-1/2

[Event "Moscow Chmp. b15 2016"]
[Site "ÐœÐ¾Ñ�ÐºÐ²Ð°"]
[Date "2016.11.16"]
[Round "5.10"]
[White "Gavrilov, Victor"]
[Black "Ivlev, Aleksandr"]
[Result "1/2-1/2"]
[WhiteElo "1795"]
[BlackElo "1612"]
[PlyCount "38"]
[EventDate "2016.11.12"]

1. d4 d5 2. Nc3 Bf5 3. f3 e6 4. a3 Bd6 5. g3 Nf6 6. Bg2 Bg6 7. Nh3 h6 8. Bf4
Nh5 9. Bxd6 cxd6 10. e4 dxe4 11. fxe4 Nd7 12. O-O Nhf6 13. Nf4 Bh7 14. Kh1 O-O
15. Nd3 Ne8 16. Qe2 Qb6 17. d5 e5 18. Bh3 Nef6 19. Rf2 a6 {íå ïîíÿòíî} 1/2-1/2

[Event "Moscow Chmp. b15 2016"]
[Site "ÐœÐ¾Ñ�ÐºÐ²Ð°"]
[Date "2016.11.16"]
[Round "5.11"]
[White "Fedorov, Nikita"]
[Black "Maksimenko, Arseniy"]
[Result "1-0"]
[WhiteElo "1744"]
[BlackElo "1603"]
[PlyCount "52"]
[EventDate "2016.11.12"]

1. Nf3 d5 2. c4 e6 3. b3 Bd7 4. Bb2 Nf6 5. g3 c5 6. Bg2 Nc6 7. O-O Be7 8. e3
O-O 9. d4 Qb6 10. Ne5 cxd4 11. exd4 dxc4 12. Nxc4 Qc7 13. Nc3 a6 14. Bc1 e5 15.
dxe5 Ng4 16. Nd5 Qd8 17. Ncb6 Bc5 18. Nxa8 Bd4 19. Ba3 Bxa1 20. Bxf8 Qxf8 21.
Nab6 Qd8 22. Nxd7 Qxd7 23. Qxa1 Ngxe5 24. Rd1 Qg4 25. Re1 f6 26. Qd1 Qf5 1-0

[Event "Moscow Chmp. b15 2016"]
[Site "ÐœÐ¾Ñ�ÐºÐ²Ð°"]
[Date "2016.11.16"]
[Round "5.12"]
[White "Plaksin, Daniil"]
[Black "Sharapov, Mihail"]
[Result "1-0"]
[WhiteElo "1681"]
[BlackElo "1564"]
[PlyCount "54"]
[EventDate "2016.11.12"]

1. e4 c6 2. d4 d5 3. e5 Bf5 4. Nc3 e6 5. g4 Bg6 6. Nge2 c5 7. h4 h6 8. Be3 Nd7
9. h5 Bh7 10. f4 Qb6 11. Na4 Qa5+ 12. c3 Rc8 13. dxc5 Nxc5 14. Nxc5 Bxc5 15. b4
Bxb4 16. cxb4 Qxb4+ 17. Qd2 Qe4 18. Rg1 Rc2 19. Qd4 Ne7 20. Qxe4 Bxe4 21. Nd4
Rb2 22. Bb5+ Kd8 23. Rf1 a6 24. Be2 Kd7 25. Nf3 Rc8 26. Rf2 Rcc2 27. Rg2 {íå
ïîíÿòíî} Nc6 1-0

[Event "Moscow Chmp. b15 2016"]
[Site "ÐœÐ¾Ñ�ÐºÐ²Ð°"]
[Date "2016.11.16"]
[Round "5.13"]
[White "Kuzmishin, Leonid"]
[Black "Zhukov, Anton"]
[Result "1/2-1/2"]
[WhiteElo "1733"]
[BlackElo "1959"]
[PlyCount "86"]
[EventDate "2016.11.12"]

1. e4 e6 2. d4 d5 3. e5 c5 4. Nf3 Qb6 5. Bd3 c4 6. Be2 Nc6 7. O-O Nge7 8. b3
cxb3 9. axb3 Nf5 10. Bb2 Be7 11. c3 O-O 12. Bc1 Qd8 13. g4 Nh4 14. Nxh4 Bxh4
15. f4 f6 16. Nd2 fxe5 17. dxe5 Be7 18. Rf3 Bc5+ 19. Kg2 Qh4 20. Rg3 Nxe5 21.
Ba3 Bxa3 22. fxe5 Bc5 23. Nf3 Qe7 24. Qc2 Bd7 25. Bd3 g6 26. h4 Bc6 27. b4 Bb6
28. b5 Be8 29. Rh1 Be3 30. g5 Rc8 31. h5 Qg7 32. hxg6 Bxg6 33. Bxg6 Qxg6 34.
Qxg6+ hxg6 35. Rgh3 Rxc3 36. Rh8+ Kf7 37. R8h7+ Ke8 38. Rxb7 Rc2+ 39. Kg3 Bf4+
40. Kh3 Rh8+ 41. Nh4 Rxh4+ 42. Kxh4 Rb2 43. Kg4 Kd8 {íå ïîíÿòíî} 1/2-1/2

[Event "Moscow Chmp. b15 2016"]
[Site "ÐœÐ¾Ñ�ÐºÐ²Ð°"]
[Date "2016.11.16"]
[Round "5.14"]
[White "Zhuk, Kirill"]
[Black "Lupolov, Boris"]
[Result "0-1"]
[WhiteElo "1548"]
[BlackElo "1918"]
[PlyCount "51"]
[EventDate "2016.11.12"]

1. e4 c6 2. d4 d5 3. e5 c5 4. c3 Nc6 5. Nf3 Bg4 6. Be2 e6 7. Be3 Qb6 8. Qd2 Nh6
9. h3 Bxf3 10. Bxh6 Bxe2 11. dxc5 Bxc5 12. Bxg7 Rg8 13. Qxe2 Rxg7 14. O-O Qc7
15. b4 Bb6 16. a4 Qxe5 17. Qf3 Bc7 18. g3 Nxb4 19. Na3 Nc6 20. Nb5 Bb6 21. Kg2
a6 22. Rfe1 Qb8 23. Nd4 {íå ïîíÿòíî} Nxd4 24. cxd4 Qd6 25. Qf6 Kf8 26. Rad1 0-1

[Event "Moscow Chmp. b15 2016"]
[Site "ÐœÐ¾Ñ�ÐºÐ²Ð°"]
[Date "2016.11.16"]
[Round "5.15"]
[White "Smelykh, Edvin"]
[Black "Agabekov, Saveliy"]
[Result "0-1"]
[WhiteElo "1715"]
[BlackElo "1539"]
[PlyCount "53"]
[EventDate "2016.11.12"]

1. e4 d6 2. d4 Nf6 3. Nc3 Nbd7 4. f4 e5 5. Nf3 exd4 6. Qxd4 c6 7. Bc4 d5 8.
exd5 Bc5 9. Qd3 O-O 10. h3 Re8+ 11. Kd1 b5 12. Bb3 b4 13. Ne2 Ne4 14. Rf1 Nf2+
15. Rxf2 Bxf2 16. dxc6 Nc5 17. Qxd8 Rxd8+ 18. Bd2 Ne4 19. Nc1 Nxd2 20. Nxd2 Be3
21. Nd3 Bf5 22. Bc4 Rac8 23. g4 Bxd3 24. cxd3 Rxc6 25. b3 Bxf4 26. Kc1 Bxd2+
27. Kxd2 0-1

[Event "Moscow Chmp. b15 2016"]
[Site "ÐœÐ¾Ñ�ÐºÐ²Ð°"]
[Date "2016.11.16"]
[Round "5.16"]
[White "Plaksin, Igor"]
[Black "Morozov, Fedor"]
[Result "1-0"]
[WhiteElo "1712"]
[BlackElo "1536"]
[PlyCount "22"]
[EventDate "2016.11.12"]

1. e4 e6 2. d4 d5 3. Nc3 Nf6 4. e5 Nfd7 5. f4 c5 6. Nf3 Qb6 7. Na4 Qa5+ 8. c3
b5 9. Nxc5 Nxc5 10. b4 Qb6 11. dxc5 Qb7 {íå ïîíÿòíî} 1-0

[Event "Moscow Chmp. b15 2016"]
[Site "ÐœÐ¾Ñ�ÐºÐ²Ð°"]
[Date "2016.11.16"]
[Round "5.20"]
[White "Orlov, Aleksandr"]
[Black "Bregman, Ilya"]
[Result "1-0"]
[WhiteElo "1449"]
[BlackElo "1835"]
[PlyCount "45"]
[EventDate "2016.11.12"]

1. d4 Nf6 2. Nf3 d5 3. c4 c6 4. e3 e6 5. Nc3 Nbd7 6. a3 a5 7. Qb3 Be7 8. Bd3
O-O 9. O-O Re8 10. e4 dxe4 11. Nxe4 Nxe4 12. Bxe4 Nf6 13. Bc2 a4 14. Qd3 b5 15.
c5 Qc7 16. Re1 Rd8 17. Qe2 Ba6 18. Bd3 h6 19. Be3 Rd5 20. Rad1 Rad8 21. Qc2 Re8
22. h3 Bf8 23. Be4 {íå ïîíÿòíî} 1-0

[Event "Moscow Chmp. b15 2016"]
[Site "ÐœÐ¾Ñ�ÐºÐ²Ð°"]
[Date "2016.11.16"]
[Round "5.21"]
[White "Balashov, Egor"]
[Black "Ivanov-Chernets, Kirill"]
[Result "0-1"]
[WhiteElo "1769"]
[BlackElo "1538"]
[PlyCount "51"]
[EventDate "2016.11.12"]

1. d4 Nf6 2. Nf3 c5 3. d5 e6 4. Nc3 exd5 5. Nxd5 Nxd5 6. Qxd5 d6 7. Ng5 Qc7 8.
Nxh7 Be7 9. Ng5 Bf6 10. c3 Nc6 11. Ne4 Be7 12. Bf4 Be6 13. Qxc5 O-O-O 14. Qb5
a6 15. Qa4 Qb6 16. O-O-O Rh4 17. Be3 Qc7 18. b4 Rh5 19. a3 Bf5 20. Qc2 Bg6 21.
f4 Kb8 22. g4 Bxe4 23. Qxe4 Nxb4 24. Bd4 Na2+ 25. Kc2 d5 {íå ïîíÿòíî} 26. Qf3
0-1

[Event "Moscow Chmp. b15 2016"]
[Site "ÐœÐ¾Ñ�ÐºÐ²Ð°"]
[Date "2016.11.16"]
[Round "5.22"]
[White "Sorokin, Mikhael"]
[Black "Abduraimov, Esmet"]
[Result "0-1"]
[WhiteElo "1398"]
[BlackElo "1687"]
[PlyCount "41"]
[EventDate "2016.11.12"]

1. d4 Nf6 2. c4 c5 3. e3 cxd4 4. exd4 d5 5. Nf3 Bg4 6. Nbd2 Nc6 7. Qb3 e6 8. a3
Qc7 9. Be2 Be7 10. O-O O-O 11. Re1 Rfd8 12. Qc3 Ne4 13. Nxe4 dxe4 14. Ne5 Nxe5
15. Bf4 Bxe2 16. Bxe5 Qxc4 17. Qe3 f6 18. Rac1 Qd3 19. Bc7 Rd5 20. Rc3 Qxe3 21.
Rxe3 {íå ïîíÿòíî} 0-1

[Event "Moscow Chmp. b15 2016"]
[Site "ÐœÐ¾Ñ�ÐºÐ²Ð°"]
[Date "2016.11.16"]
[Round "5.23"]
[White "Gornostaev, Yakov"]
[Black "Ivanov, Ilya"]
[Result "1-0"]
[WhiteElo "1496"]
[BlackElo "1628"]
[PlyCount "47"]
[EventDate "2016.11.12"]

1. d4 e6 2. c4 d5 3. Nc3 Nf6 4. Bg5 Be7 5. Nf3 O-O 6. e3 b6 7. Bd3 Bb7 8. O-O
c5 9. Rc1 Nc6 10. cxd5 exd5 11. dxc5 bxc5 12. Bxf6 Bxf6 13. Nxd5 Nb4 14. Nxf6+
gxf6 15. Bb1 Qb6 16. Nh4 Qe6 17. Qh5 Be4 18. Bxe4 Qxe4 19. Rxc5 Nd3 20. Rf5 Qe6
21. Rf3 Ne5 22. Rh3 h6 23. Nf5 Rfe8 24. Qxh6 1-0

[Event "Moscow Chmp. b15 2016"]
[Site "ÐœÐ¾Ñ�ÐºÐ²Ð°"]
[Date "2016.11.16"]
[Round "5.25"]
[White "Sakhin, Leonid"]
[Black "Ivanov, Egor"]
[Result "1/2-1/2"]
[WhiteElo "1563"]
[BlackElo "1354"]
[PlyCount "28"]
[EventDate "2016.11.12"]

1. e4 c5 2. c3 e6 3. d4 Nf6 4. e5 Nd5 5. Nf3 cxd4 6. cxd4 d6 7. Bd2 Nc6 8. Bb5
Bd7 9. a4 dxe5 10. dxe5 Bc5 11. O-O O-O 12. Nc3 Nxc3 13. Bxc3 Qb6 14. Be2 Rfd8
{íå ïîíÿòíî} 1/2-1/2

[Event "Moscow Chmp. b15 2016"]
[Site "ÐœÐ¾Ñ�ÐºÐ²Ð°"]
[Date "2016.11.16"]
[Round "5.26"]
[White "Ajrapetov, Andrey"]
[Black "Presnyakov, Oleg"]
[Result "1-0"]
[WhiteElo "1499"]
[BlackElo "1370"]
[PlyCount "65"]
[EventDate "2016.11.12"]

1. d4 Nf6 2. c4 g6 3. f3 Bg7 4. e4 d6 5. Nc3 O-O 6. Be3 Nbd7 7. g4 e5 8. d5 Nb6
9. Qd2 Ne8 10. Bd3 Bd7 11. h4 f5 12. g5 fxe4 13. Nxe4 Bf5 14. Qc2 Rf7 15. h5
gxh5 16. Nf6+ Bxf6 17. Bxf5 Bxg5 18. Bxg5 Qxg5 19. Be6 Qg3+ 20. Kd1 Ng7 21.
Bxf7+ Kxf7 22. Ne2 Qxf3 23. Kd2 Kg8 24. Raf1 Qg4 25. b3 Qg6 26. Qc3 Rf8 27.
Rfg1 Qe4 28. Qg3 Rf7 29. Rxh5 Qf3 30. Qh4 Qf6 31. Rhg5 Qf3 32. Qh6 Nxc4+ 33.
bxc4 1-0

[Event "Moscow Chmp. b15 2016"]
[Site "ÐœÐ¾Ñ�ÐºÐ²Ð°"]
[Date "2016.11.16"]
[Round "5.29"]
[White "Lutan, Gleb"]
[Black "Nikolaev, Daniil"]
[Result "0-1"]
[WhiteElo "1446"]
[BlackElo "1705"]
[PlyCount "64"]
[EventDate "2016.11.12"]

1. d4 d5 2. c4 e6 3. Nc3 Be7 4. Nf3 Nf6 5. Bg5 O-O 6. e3 Nbd7 7. Rc1 a6 8. cxd5
exd5 9. Ne5 c6 10. Nxd7 Bxd7 11. Bd3 Be6 12. O-O Qc7 13. Bxf6 Bxf6 14. f4 Qe7
15. Qf3 Bg4 16. Qf2 Rfe8 17. Rfe1 Bd7 18. Qf3 Qb4 19. Rb1 Re7 20. a3 Qb3 21.
Re2 Rae8 22. Rbe1 h6 23. g4 Qb6 24. g5 hxg5 25. fxg5 Bxg5 26. Qh5 Bh6 27. Rf1
Rf8 28. Rg2 Bxe3+ 29. Kh1 f5 30. Rg4 g6 31. Qxg6+ Rg7 32. Qh5 Rf6 {íå ïîíÿòíî}
0-1

[Event "Moscow Chmp. b15 2016"]
[Site "ÐœÐ¾Ñ�ÐºÐ²Ð°"]
[Date "2016.11.16"]
[Round "5.30"]
[White "Nikulshin, Alexey"]
[Black "Khuranov, Aynar"]
[Result "1/2-1/2"]
[WhiteElo "1348"]
[BlackElo "1440"]
[PlyCount "82"]
[EventDate "2016.11.12"]

1. d4 e6 2. c4 c5 3. e3 Nf6 4. Nc3 d5 5. Nf3 h6 6. cxd5 exd5 7. Ne5 Be7 8. Bb5+
Bd7 9. Nxd7 Nbxd7 10. Qa4 a6 11. Bxd7+ Qxd7 12. Qxd7+ Kxd7 13. dxc5 Bxc5 14.
O-O Rhd8 15. Rd1 Ke6 16. b3 Bb4 17. Bb2 Bxc3 18. Bxc3 Rac8 19. Bxf6 Kxf6 20. h3
Rc2 21. Kf1 Ke5 22. Rdc1 Rdc8 23. Rd1 Rb2 24. Rdb1 Rcc2 25. Rxb2 Rxb2 26. Ke1
Ke4 27. h4 h5 28. Rd1 Rxa2 29. Rd4+ Ke5 30. f4+ Ke6 31. Kf1 a5 32. e4 dxe4 33.
Rxe4+ Kf6 34. Re5 g6 35. Rb5 a4 36. Rxb7 Rb2 37. Rb6+ Kg7 38. Ra6 axb3 39. Rb6
Rb1+ 40. Kf2 b2 41. Kg3 f6 1/2-1/2

[Event "Moscow Chmp. b15 2016"]
[Site "ÐœÐ¾Ñ�ÐºÐ²Ð°"]
[Date "2016.11.17"]
[Round "6.7"]
[White "Lupolov, Boris"]
[Black "Beliuga, Mikhail"]
[Result "1-0"]
[WhiteElo "1918"]
[BlackElo "1655"]
[PlyCount "65"]
[EventDate "2016.11.12"]

1. d4 Nf6 2. c4 d6 3. Nc3 g6 4. e4 Bg7 5. f3 O-O 6. Be3 e5 7. d5 Nbd7 8. Qd2
Nb6 9. b3 Bd7 10. Nge2 a5 11. g4 h5 12. gxh5 Nxh5 13. Ng3 Qh4 14. Bg5 Bh6 15.
Bxh4 Bxd2+ 16. Kxd2 Nxg3 17. Bxg3 Kg7 18. h4 Rh8 19. a4 Raf8 20. Bd3 f5 21.
Rag1 f4 22. Bf2 Nc8 23. h5 Ne7 24. Bh4 Rf7 25. Bxe7 Rxe7 26. Rxg6+ Kf8 27. h6
Reh7 28. Rg7 Rxg7 29. hxg7+ Kxg7 30. Rxh8 Kxh8 31. Nb5 Bxb5 32. cxb5 b6 33. Ke2
1-0

[Event "Moscow Chmp. b15 2016"]
[Site "ÐœÐ¾Ñ�ÐºÐ²Ð°"]
[Date "2016.11.17"]
[Round "6.8"]
[White "Talalov, Anton"]
[Black "Gagarin, Vasily"]
[Result "1/2-1/2"]
[WhiteElo "1709"]
[BlackElo "1913"]
[PlyCount "78"]
[EventDate "2016.11.12"]

1. e4 d6 2. d4 Nf6 3. Nc3 e5 4. Nf3 Nbd7 5. Bc4 Be7 6. O-O O-O 7. Re1 c6 8. a4
b6 9. Bg5 h6 10. Bh4 a6 11. dxe5 dxe5 12. Bxf6 Bxf6 13. b4 Qe7 14. Qb1 Bb7 15.
b5 axb5 16. axb5 Rxa1 17. Qxa1 Qb4 18. Bb3 Nc5 19. Qb2 Nxb3 20. Qxb3 Qxb3 21.
cxb3 Rd8 22. bxc6 Bxc6 23. Kf1 Kf8 24. Ke2 Ke7 25. Ra1 Ra8 26. Rxa8 Bxa8 27.
Kd3 Bc6 28. Kc4 Ke6 29. h3 Be7 30. Ne1 f5 31. f3 Bc5 32. Nc2 g5 33. b4 Bf2 34.
Kd3 fxe4+ 35. fxe4 h5 36. Ne3 Bxe3 37. Kxe3 b5 38. g3 Kd6 39. h4 g4 1/2-1/2

[Event "Moscow Chmp. b15 2016"]
[Site "ÐœÐ¾Ñ�ÐºÐ²Ð°"]
[Date "2016.11.17"]
[Round "6.9"]
[White "Zakirov, Artur"]
[Black "Lukyanenko, Artemiy"]
[Result "1-0"]
[WhiteElo "1824"]
[BlackElo "1686"]
[PlyCount "56"]
[EventDate "2016.11.12"]

1. e4 e6 2. d4 d5 3. Nc3 Nf6 4. Bg5 Bb4 5. e5 h6 6. Bd2 Bxc3 7. Bxc3 Ne4 8. Bd3
Nxc3 9. bxc3 c5 10. Nf3 Qa5 11. Qd2 Nc6 12. c4 Qxd2+ 13. Kxd2 dxc4 14. Bxc4
cxd4 15. Rad1 a6 16. Kc1 b5 17. Bd3 Bb7 18. Be4 O-O-O 19. Bxc6 Bxc6 20. Nxd4
Bd5 21. Kb2 Kb7 22. Rd2 Rc8 23. f4 Rc4 24. f5 Rb4+ 25. Nb3 Rc8 26. fxe6 Bxe6
27. Rhd1 Re4 28. Nd4 Rd8 {íå ïîíÿòíî} 1-0

[Event "Moscow Chmp. b15 2016"]
[Site "ÐœÐ¾Ñ�ÐºÐ²Ð°"]
[Date "2016.11.17"]
[Round "6.10"]
[White "Sekoyan, Vachagan"]
[Black "Gavrilov, Victor"]
[Result "1/2-1/2"]
[WhiteElo "1655"]
[BlackElo "1795"]
[PlyCount "80"]
[EventDate "2016.11.12"]

1. d4 d5 2. c4 e6 3. Nc3 Be7 4. Nf3 Nf6 5. cxd5 exd5 6. Bf4 c6 7. h3 O-O 8. e3
Bf5 9. Bd3 Bg6 10. O-O Re8 11. Qc2 Bxd3 12. Qxd3 Bd6 13. Bxd6 Qxd6 14. Rfb1
Nbd7 15. b4 Ne4 16. a4 a6 17. Ne2 Qe7 18. b5 axb5 19. axb5 Nd6 20. bxc6 bxc6
21. Nc3 Nc4 22. Ne2 Nd6 23. Qc3 Nc4 24. Rxa8 Rxa8 25. Ra1 Rb8 26. Nd2 Ndb6 27.
Nxc4 Nxc4 28. Nf4 g5 29. Nd3 f5 30. Qc1 h6 31. Ra6 Qe4 32. Qd1 Qe6 33. Nc5 Qd6
34. Qc2 Nd2 35. Ra1 Ne4 36. Nxe4 fxe4 37. Kh1 Kh8 38. Kg1 Kg8 39. Kh1 Kh8 40.
Kg1 Kg8 1/2-1/2

[Event "Moscow Chmp. b15 2016"]
[Site "ÐœÐ¾Ñ�ÐºÐ²Ð°"]
[Date "2016.11.17"]
[Round "6.11"]
[White "Ivlev, Aleksandr"]
[Black "Kretov, Leonid"]
[Result "0-1"]
[WhiteElo "1612"]
[BlackElo "1789"]
[PlyCount "65"]
[EventDate "2016.11.12"]

1. Nf3 Nf6 2. b3 g6 3. Bb2 Bg7 4. g3 O-O 5. Bg2 d5 6. O-O c5 7. d3 Nc6 8. Nbd2
Qc7 9. Re1 e5 10. e4 d4 11. a4 h6 12. Nc4 Be6 13. Nfd2 b6 14. Rf1 a6 15. h3
Rfb8 16. f4 b5 17. Nxe5 Nxe5 18. fxe5 Nd7 19. Nf3 Nxe5 20. g4 Rd8 21. Bc1 Nxf3+
22. Qxf3 c4 23. Bf4 Qc5 24. bxc4 bxc4 25. Rfb1 Rac8 26. Bf1 Qa5 27. Bg3 Rc6 28.
Be1 c3 29. Bg3 Rcc8 30. Qd1 Qg5 31. Kh2 Qd2+ 32. Bg2 Qxd1 33. Rxd1 {íå ïîíÿòíî}
0-1

[Event "Moscow Chmp. b15 2016"]
[Site "ÐœÐ¾Ñ�ÐºÐ²Ð°"]
[Date "2016.11.17"]
[Round "6.12"]
[White "Dmitriev, Leonid"]
[Black "Kozhukhov, Aleksandr"]
[Result "1-0"]
[WhiteElo "1734"]
[BlackElo "1634"]
[PlyCount "34"]
[EventDate "2016.11.12"]

1. d4 Nf6 2. c4 e6 3. Nc3 d5 4. Nf3 Be7 5. g3 O-O 6. Bg2 b6 7. O-O Bb7 8. Ne5
Nbd7 9. Bf4 Ne4 10. cxd5 exd5 11. Rc1 Ndf6 12. Qb3 Rc8 13. Rfd1 Nh5 14. Be3 f5
15. Nxe4 fxe4 16. Bh3 Nf6 17. Bxc8 Qxc8 1-0

[Event "Moscow Chmp. b15 2016"]
[Site "ÐœÐ¾Ñ�ÐºÐ²Ð°"]
[Date "2016.11.17"]
[Round "6.13"]
[White "Agabekov, Saveliy"]
[Black "Kuzmishin, Leonid"]
[Result "0-1"]
[WhiteElo "1539"]
[BlackElo "1733"]
[PlyCount "74"]
[EventDate "2016.11.12"]

1. e4 e6 2. d4 d5 3. e5 c5 4. Nf3 Ne7 5. Bf4 Nec6 6. Bd3 b6 7. O-O Ba6 8. a3
Bxd3 9. Qxd3 Nd7 10. Re1 Qc7 11. Bg3 a6 12. h4 h6 13. Nbd2 Be7 14. Nf1 cxd4 15.
b4 a5 16. b5 Nc5 17. Qd1 Nd8 18. a4 Ne4 19. Nxd4 Bb4 20. Re3 Bc3 21. Rb1 Rc8
22. Rb3 Qb7 23. f3 Bxd4 24. Qxd4 Rc4 25. Qd1 Nxg3 26. Nxg3 Rxa4 27. Nh5 Ke7 28.
Nxg7 Rg8 29. Nh5 Rxh4 30. Nf6 Rg6 31. Qa1 Rc4 32. Rec3 Qc7 33. Rxc4 Qxc4 34. f4
Rxg2+ 35. Kxg2 Qxc2+ 36. Kg1 Qxb3 37. Qc1 Qxb5 {íå ïîíÿòíî} 0-1

[Event "Moscow Chmp. b15 2016"]
[Site "ÐœÐ¾Ñ�ÐºÐ²Ð°"]
[Date "2016.11.17"]
[Round "6.15"]
[White "Zhukov, Anton"]
[Black "Sharapov, Mihail"]
[Result "1/2-1/2"]
[WhiteElo "1959"]
[BlackElo "1564"]
[PlyCount "105"]
[EventDate "2016.11.12"]

1. d4 d5 2. c4 dxc4 3. e3 Nf6 4. Bxc4 c5 5. Nf3 e6 6. O-O Be7 7. Nc3 O-O 8. Qe2
a6 9. a4 Nc6 10. Rd1 Qc7 11. b3 b6 12. Bb2 Bb7 13. d5 exd5 14. Nxd5 Nxd5 15.
Bxd5 Rad8 16. Bc3 Nd4 17. exd4 Rxd5 18. dxc5 Bxc5 19. Be5 Qd7 20. Rxd5 Qxd5 21.
Qd1 Rd8 22. Qxd5 Rxd5 23. Re1 f6 24. Bf4 Rf5 25. Be3 Bxf3 26. gxf3 Rxf3 27. Kg2
Rf5 28. Bxc5 Rxc5 29. Re6 Rg5+ 30. Kf1 b5 31. Rxa6 bxa4 32. bxa4 Kf7 33. Ra8
Rc5 34. a5 Rc2 35. a6 Ra2 36. a7 Kg6 37. Kg2 h6 38. Kg3 Kf5 39. h3 Kg5 40. h4+
Kh5 41. Rb8 Ra3+ 42. f3 Rxa7 43. Rb5+ Kg6 44. h5+ Kf7 45. Kg4 Ke6 46. f4 Rd7
47. Rb6+ Kf7 48. Ra6 Ke7 49. Rb6 Kf7 50. Ra6 g6 51. hxg6+ Kxg6 52. f5+ Kg7 53.
Kh5 1/2-1/2

[Event "Moscow Chmp. b15 2016"]
[Site "ÐœÐ¾Ñ�ÐºÐ²Ð°"]
[Date "2016.11.17"]
[Round "6.16"]
[White "Abduraimov, Esmet"]
[Black "Ivanov-Chernets, Kirill"]
[Result "0-1"]
[WhiteElo "1687"]
[BlackElo "1538"]
[PlyCount "54"]
[EventDate "2016.11.12"]

1. e4 e6 2. b3 d5 3. Bb2 Nf6 4. e5 Nfd7 5. d4 c5 6. c3 Be7 7. f4 Nc6 8. Nf3 O-O
9. Bd3 f6 10. h4 fxe5 11. Ng5 e4 12. Nxe6 Qe8 13. Nxf8 Qxf8 14. Be2 Qxf4 15.
Qd2 Bxh4+ 16. Kd1 e3 17. Qd3 cxd4 18. cxd4 Nf6 19. Nc3 Bf5 20. Nxd5 Nxd5 21.
Qc4 Rd8 22. Bf3 Be6 23. Qd3 Ndb4 24. Qe2 Nxd4 25. Bxd4 Qxd4+ 26. Qd3 Qxd3+ 27.
Kc1 Qc2# 0-1

[Event "Moscow Chmp. b15 2016"]
[Site "ÐœÐ¾Ñ�ÐºÐ²Ð°"]
[Date "2016.11.17"]
[Round "6.17"]
[White "Pontis, Stanislav"]
[Black "Gornostaev, Yakov"]
[Result "1/2-1/2"]
[WhiteElo "1661"]
[BlackElo "1496"]
[PlyCount "40"]
[EventDate "2016.11.12"]

1. d4 Nf6 2. Nf3 g6 3. Nc3 Bg7 4. e4 d6 5. Bc4 O-O 6. h3 Nbd7 7. Be3 e5 8. dxe5
Nxe5 9. Nxe5 dxe5 10. Bc5 Re8 11. Qe2 c6 12. O-O Be6 13. Rad1 Qc8 14. Bxe6 Rxe6
15. Rd3 Nh5 16. Be3 Re8 17. Rfd1 Kh8 18. Kh1 Kg8 19. Kg1 Kh8 20. Kh1 Kg8
1/2-1/2

[Event "Moscow Chmp. b15 2016"]
[Site "ÐœÐ¾Ñ�ÐºÐ²Ð°"]
[Date "2016.11.17"]
[Round "6.18"]
[White "Maksimenko, Arseniy"]
[Black "Orlov, Aleksandr"]
[Result "1/2-1/2"]
[WhiteElo "1603"]
[BlackElo "1449"]
[PlyCount "38"]
[EventDate "2016.11.12"]

1. d4 Nf6 2. c4 g6 3. Nc3 d5 4. Qb3 c6 5. cxd5 cxd5 6. Nf3 Bg7 7. Bg5 e6 8. e4
dxe4 9. Nxe4 Qa5+ 10. Bd2 Qd5 11. Nxf6+ Bxf6 12. Qxd5 exd5 13. Bb5+ Bd7 14.
Bxd7+ Nxd7 15. O-O O-O 16. Rac1 Rac8 17. h3 Nb6 18. Bb4 Rfe8 19. Rc5 Re6 {
íå ïîíÿòíî} 1/2-1/2

[Event "Moscow Chmp. b15 2016"]
[Site "ÐœÐ¾Ñ�ÐºÐ²Ð°"]
[Date "2016.11.17"]
[Round "6.20"]
[White "Morozov, Fedor"]
[Black "Tsymbal, Evgeny"]
[Result "0-1"]
[WhiteElo "1536"]
[BlackElo "1626"]
[PlyCount "130"]
[EventDate "2016.11.12"]

1. e4 c5 2. c3 d6 3. d4 Nf6 4. Bd3 Nc6 5. Bc2 Qc7 6. dxc5 dxc5 7. Be3 b6 8. Nf3
Bb7 9. O-O e6 10. Nbd2 Ba6 11. Re1 Bd6 12. h3 O-O 13. Qb1 h6 14. Bd3 Bxd3 15.
Qxd3 Rfd8 16. Qc2 Ne5 17. Nxe5 Bxe5 18. Nf3 Rd7 19. Rad1 Rad8 20. Rxd7 Rxd7 21.
Nd2 Bf4 22. Bxf4 Qxf4 23. Nf3 Nh7 24. Qa4 Nf8 25. Qb5 Qc7 26. Qc4 Ng6 27. b3
Nf4 28. Kf1 Kf8 29. Rc1 Ke7 30. h4 Qd8 31. g3 Nd3 32. Rb1 Qb8 33. b4 b5 34. Qb3
c4 35. Qc2 Qb7 36. Qe2 e5 37. Ng1 Rd6 38. Nh3 Rf6 39. Kg1 Qb6 40. Rf1 Qe6 41.
Kg2 Qc8 42. Qe3 Qa6 43. Qd2 Qd6 44. Qe3 Qa6 45. Qd2 Qb7 46. Qe2 Qd7 47. Rd1 Qb7
48. Rf1 Qb6 49. Qc2 Qc6 50. Qe2 Rg6 51. Kh2 Rf6 52. Kg2 Qb6 53. Qd2 Qc6 54. Qe2
Rg6 55. Kh2 Qe6 56. Qe3 Qd7 57. Qe2 Qc7 58. Qd2 Rd6 59. Qe2 a5 60. a3 axb4 61.
axb4 Ra6 62. Kg1 Qa7 63. Qf3 Rf6 64. Qe2 Rxf2 65. Rxf2 {íå ïîíÿòíî} Nxf2 0-1

[Event "Moscow Chmp. b15 2016"]
[Site "ÐœÐ¾Ñ�ÐºÐ²Ð°"]
[Date "2016.11.17"]
[Round "6.23"]
[White "Bregman, Ilya"]
[Black "Ajrapetov, Andrey"]
[Result "1-0"]
[WhiteElo "1835"]
[BlackElo "1499"]
[PlyCount "42"]
[EventDate "2016.11.12"]

1. d4 Nf6 2. c4 g6 3. Nc3 Bg7 4. e4 d6 5. Bg5 O-O 6. Nge2 Nbd7 7. Qd2 Re8 8. h4
c5 9. d5 Qa5 10. f3 Ne5 11. g4 e6 12. h5 exd5 13. cxd5 a6 14. hxg6 fxg6 15. Qf4
{íå ïîíÿòíî} Rf8 16. Qh2 Rf7 17. Qh4 b5 18. Bd2 b4 19. Nd1 Bh8 20. g5 Ne8 21.
f4 Nd7 1-0

[Event "Moscow Chmp. b15 2016"]
[Site "ÐœÐ¾Ñ�ÐºÐ²Ð°"]
[Date "2016.11.17"]
[Round "6.24"]
[White "Sorokin, Mikhael"]
[Black "Balashov, Egor"]
[Result "0-1"]
[WhiteElo "1398"]
[BlackElo "1769"]
[PlyCount "60"]
[EventDate "2016.11.12"]

1. d4 Nf6 2. c4 c5 3. d5 b5 4. Qc2 d6 5. e4 g6 6. f4 Bg7 7. Nf3 O-O 8. Nc3 a6
9. Be2 e6 10. O-O Bb7 11. Rd1 exd5 12. Nxd5 Nxd5 13. cxd5 Re8 14. Bd2 Bxd5 15.
Bd3 Bb7 16. Rdc1 c4 17. Bf1 Nd7 18. f5 Nf6 19. fxg6 hxg6 20. Bg5 Rxe4 21. Bxf6
Qb6+ 22. Bd4 Bxd4+ 23. Nxd4 Qxd4+ 24. Kh1 Rae8 25. Rd1 Qe5 26. Qd2 Rh4 27. Qxd6
Rxh2+ 28. Kg1 Rh5 29. Qd2 Qh2+ 30. Kf2 Rf5+ 0-1